00381nam a22001337a 4500082001200000100001500012245003000027260003000057300000800087650002200095942000700117952010600124999001700230 a823 FOL aFollet Ken aThe Man From St Petesburg aLondonbCorgi Booksc1982 a290 aEnglish _ Fiction cBK 00104070aHMIbHMId2017-02-17eDr Andreas D'Souzal0o823 FOLp11-2528r2017-02-17w2017-02-17yBK c20262d20262